000 01294nam a22003617a 4500
003 CHAP
005 20220817042421.0
008 971013s1994 r 00010 d
010 _a44005
011 _a44977
035 _a49116
040 _cCHAP
082 _a631.0913
_bB3
100 0 0 _aBantilan, M. C. S.
_eed.
245 _aEvaluating ICRISAT research impact
_b: summary proceedings of a Workshop on Research Evaluation and Impact Assessment
260 _aAndhra Pradesh, India :
_bInternational Crops Research Institute for the Semi-Arid Tropics,
_c1994
300 _a143 p.
590 _aBATCH-UPD
_b10
_c20130110
_lUCH01
_h0027
590 _aBATCH-UPD
_b10
_c20130110
_lUCH01
_h1846
590 _aBATCH-UPD
_b10
_c20130409
_lUCH01
_h2008
590 _aBATCH-UPD
_b10
_c20130410
_lUCH01
_h1216
590 _aBATCH-UPD
_b10
_c20130913
_lUCH01
_h2109
590 _aCONVERSION
_b10
_c20130109
_lUCH01
_h1324
650 1 4 _aAgricultura
_xInvestigacion
_xRegiones aridas.
_91666
650 1 4 _aAgricultura
_xInvestigación
_xTrópicos.
_91686
650 1 4 _aCacahuate.
_916848
650 1 4 _aChícharo.
_922822
650 1 4 _aMijo perla.
_975666
700 0 _aJoshi, P. K.
_eed.
_962203
901 _aBK
942 _cLIBRO
949 _a631.0913 B3
_bBC
_cLIBRO
_d33724000008322
_eLIBRO
_h89333
_i49116
_mD
_si
999 _c44005
_d44005